[Event "Enniscrone Sligo-ch"]
[Site "Enniscrone"]
[Date "2024.02.02"]
[Round "1"]
[White "Paibir, Atharva"]
[Black "McDonnell, Odhran"]
[Result "1-0"]
[WhiteElo "1632"]
[BlackElo "1742"]
[PlyCount "103"]
[EventDate "2024.02.02"]
[EventType "swiss"]
[EventRounds "5"]
[EventCountry "IRL"]
[SourceTitle "CB08_2024"]
[SourceDate "2024.02.21"]
[SourceVersion "1"]
[SourceVersionDate "2024.02.21"]
[SourceQuality "1"]

1. e4 c6 2. d4 d5 3. e5 Bf5 4. Nf3 e6 5. Be2 Nd7 6. 0-0 Ne7 7. c3 h6 8. Na3 Qc7 9. Bd2 g5 10. c4 dxc4 11. Nxc4 Nd5 12. Ne3 Bg6 13. Nxd5 exd5 14. Qb3 Be7 15. Rac1 Qb6 16. Bd1 Qxb3 17. Bxb3 Bd3 18. Rfe1 g4 19. Re3 Ba6 20. e6 fxe6 21. Rxe6 Kf7 22. Rce1 Rae8 23. Bc2 Rhg8 24. Ne5+ Kxe6 25. Nxg4+ Kf7 26. Nxh6+ Kf6 27. h4 Bd8 28. Bg5+ Kg7 29. Nf5+ Kh8 30. Rxe8 Rxe8 31. Nd6 Re1+ 32. Kh2 Bxg5 33. hxg5 Re2 34. Bf5 Nf8 35. Kg3 Kg7 36. f4 Ng6 37. Bg4 Re1 38. f5 Nf8 39. Bh5 Nh7 40. Ne8+ Kf8 41. g6 Ng5 42. Kf4 Rxe8 43. g7+ Kg8 44. Bxe8 Nf7 45. f6 Bd3 46. Bd7 a5 47. g4 a4 48. a3 Bg6 49. g5 Nd6 50. Be6+ Nf7 51. Bf5 Kh7 52. Bxg6+ 1-0

[Event "Dublin-ch Final Weekender 100th"]
[Site "Dublin"]
[Date "2021.08.22"]
[Round "5"]
[White "Loughran, John"]
[Black "Paibir, Atharva"]
[Result "0-1"]
[WhiteElo "1660"]
[BlackElo "1428"]
[PlyCount "102"]
[EventDate "2021.08.20"]
[EventType "swiss"]
[EventRounds "5"]
[EventCountry "IRL"]
[SourceTitle "CBM 204 Extra"]
[Source "ChessBase"]
[SourceDate "2021.11.30"]
[SourceVersion "1"]
[SourceVersionDate "2021.11.30"]
[SourceQuality "1"]

1. d4 Nf6 2. c4 e6 3. Nf3 d5 4. Bg5 Be7 5. e3 0-0 6. Nc3 h6 7. Bh4 Nbd7 8. cxd5 exd5 9. Qc2 c6 10. Bd3 Re8 11. 0-0 Ne4 12. Bxe7 Qxe7 13. Rfb1 Ndf6 14. h3 Nd6 15. b4 Nfe4 16. b5 Nxc3 17. Qxc3 Nxb5 18. Bxb5 cxb5 19. Rxb5 Be6 20. Rab1 Rec8 21. Qd2 Rab8 22. Qb4 Qxb4 23. R5xb4 Rc7 24. a4 b6 25. Kf1 Rbc8 26. Kg1 Rc1+ 27. Kh2 Rxb1 28. Rxb1 Bd7 29. a5 b5 30. Ne5 Be8 31. Rb2 Rc3 32. Kg3 f6 33. Nf3 Ra3 34. Nd2 Rxa5 35. Nb3 Ra6 36. Nc5 Rb6 37. Ra2 b4 38. Nb3 a6 39. Kf3 Bb5 40. Nc5 b3 41. Rb2 Bc4 42. e4 a5 43. Ke3 dxe4 44. Kxe4 Rb4 45. Nd3 Ra4 46. Nc1 Ra2 47. Rxb3 Bxb3 48. Nxb3 a4 49. Nc5 a3 50. d5 Kf8 51. d6 Rd2 0-1

[Event "Dublin-ch Final Weekender 100th"]
[Site "Dublin"]
[Date "2021.08.21"]
[Round "2"]
[White "Leavy, Paul A"]
[Black "Paibir, Atharva"]
[Result "1/2-1/2"]
[WhiteElo "1609"]
[BlackElo "1428"]
[PlyCount "146"]
[EventDate "2021.08.20"]
[EventType "swiss"]
[EventRounds "5"]
[EventCountry "IRL"]
[SourceTitle "CBM 204 Extra"]
[Source "ChessBase"]
[SourceDate "2021.11.30"]
[SourceVersion "1"]
[SourceVersionDate "2021.11.30"]
[SourceQuality "1"]

1. e4 c5 2. Nc3 d6 3. Bb5+ Bd7 4. Bxd7+ Nxd7 5. d3 Ngf6 6. f4 e6 7. Nf3 Be7 8. 0-0 0-0 9. e5 Nd5 10. Nxd5 exd5 11. Qe1 dxe5 12. fxe5 Qb6 13. b3 h6 14. c4 d4 15. Bf4 Rfe8 16. Qg3 Nf8 17. Qh3 Qg6 18. Nd2 Ne6 19. Ne4 Bg5 20. Bxg5 Nxg5 21. Nxg5 Qxg5 22. Qd7 Re7 23. Qh3 Rxe5 24. Kh1 Rae8 25. Qf3 R8e7 26. Rad1 Re3 27. Qf2 Re2 28. Qf3 Kh8 29. a3 R7e3 30. Qxb7 Re7 31. Qc8+ Re8 32. Qc6 f5 33. Rg1 f4 34. Rdf1 Kh7 35. Qc7 f3 36. Rxf3 Rxg2 37. Rg3 Rxg3 38. Qxg3 Qxg3 39. Rxg3 Rb8 40. b4 cxb4 41. axb4 Rxb4 42. Rg4 a5 43. Rxd4 a4 44. Rd7 a3 45. Ra7 Rb1+ 46. Kg2 Ra1 47. c5 a2 48. c6 Rc1 49. Rxa2 Rxc6 50. Rd2 Kg6 51. Kg3 Kf5 52. Kf3 g5 53. h3 Ra6 54. Kg3 Ra4 55. Rf2+ Ke5 56. Re2+ Kd5 57. Kf3 Rh4 58. Kg3 Kd4 59. Ra2 Kxd3 60. Ra3+ Kc2 61. Ra5 Kb3 62. Re5 Kb4 63. Rf5 Rc4 64. Rf6 h5 65. Rg6 Rc5 66. Rh6 Rc3+ 67. Kg2 h4 68. Rg6 Rg3+ 69. Kh2 Kc4 70. Ra6 Kd4 71. Ra4+ Ke5 72. Ra5+ Kf6 73. Ra6+ Kg7 1/2-1/2

[Event "IRL-ch 100th Weekday op"]
[Site "Dublin"]
[Date "2021.08.05"]
[Round "4"]
[White "Paibir, Atharva"]
[Black "Keenan, Cathal"]
[Result "0-1"]
[WhiteElo "1428"]
[BlackElo "700"]
[PlyCount "70"]
[EventDate "2021.08.02"]
[EventType "swiss"]
[EventRounds "5"]
[EventCountry "IRL"]
[SourceTitle "EXT 2022"]
[Source "ChessBase"]
[SourceDate "2021.10.06"]
[SourceVersion "1"]
[SourceVersionDate "2021.10.06"]
[SourceQuality "1"]

1. e4 c6 2. d4 d5 3. f3 dxe4 4. fxe4 e5 5. Nf3 Bg4 6. Bc4 Nd7 7. 0-0 Ngf6 8. Bg5 Bd6 9. c3 0-0 10. Nbd2 Qc7 11. Qc2 b5 12. Bd3 h6 13. Bh4 Nh5 14. h3 Be6 15. Rfe1 Nf4 16. Bf1 g5 17. Bg3 Kh8 18. Bxf4 gxf4 19. Nh4 Rg8 20. Nf5 Rg6 21. Nf3 Bxf5 22. exf5 Rg3 23. Kh1 Rag8 24. dxe5 Nxe5 25. Nxe5 Bxe5 26. Re2 Qb6 27. Rf2 f3 28. Rd1 Bf4 29. a3 Be3 30. Rdd2 fxg2+ 31. Bxg2 Bxf2 32. Rxf2 Qe3 33. Kh2 Rxh3+ 34. Bxh3 Qg3+ 35. Kh1 Qg1# 0-1